000 00765nam a2200265Ia 4500
003 OSt
005 20220918201301.0
006 a|||||r|||| 00| 0
007 ta
008 220917b |||||||| |||| 00| 0 eng d
024 _a92,872
037 _cTextual
040 _aARTS
_cARTS
_beng
041 _2eng
_aeng
082 _aV2jN07, N1
100 _aRay N R
245 0 _aStudies in cultural development of India
_b collection of essays in honour of Prof. Jagadish Narayan Sarkar
260 _aCalcutta
_bPunthi Pustak
_c1991
300 _aiv,488p.
_ccm.
500 _aIncludes index
650 _aHISTORY
700 _a Chakrabarti P N
_997921
942 _hV2jN07, N1
_cTEXL
_2CC
999 _c216520
_d216520